000
00322nam a22001337a 4500
005
20231107102835.0
008
231107b ||||| |||| 00| 0 eng d
040
_c
AL
041
_a
English
082
_2
23
_a
657.45
_b
TANH
100
_a
Tandon B N
_9
141020
245
_a
Handbook of practical Auditiing
942
_2
ddc
_c
SG
999
_c
229141
_d
229141